Quizzes
Events
Quiz Creation
Community
Videos
Private Events
Remove Ads
Sign In
Join for FREE
Feedback
Dark Mode
Quiz Categories
Sports
Geography
Music
Movies
Television
Just For Fun
Miscellaneous
History
Literature
Language
Science
Gaming
Entertainment
Religion
Holiday
For Kids
Quiz Lab
Recent
Popular Today
Quiz Kudos Today
Editor Picks
Curator Picks
Quizzes by...
Day
Popularity
Type
Ratings
Length
Year
Community
Subscriptions
Recent Discussions
Orange Saloon
Badges
Playlists
Quests
Create
Leaderboards
Showdown
Live 5
Trivia Bingo
Activity
Puzzle Library
Sporcle Events
Private Events
Virtual Trivia
Globe League
Become a Host
Pub Owners
SporcleCon
Opinionation
Our Games
Videos
Blog
Mobile Apps
Partnerships
Remove Ads and Go Orange
Feedback
Entertainment
Celebrity
Famous
Musical
Broadway
Show
Quote
Comic Books
Anime
Superhero
DC Comics
Marvel
Cartoons
Animation
Entertainment
Celebrity
Famous
Musical
Broadway
Show
Quote
Comic Books
Anime
Superhero
DC Comics
Marvel
Cartoons
Animation
Random Quiz
Search Sporcle
×
Quiz Lab
Quiz Lab
Entertainment
facebook
Type in answers that appear in a list
Type in answers that appear in a list
Classic
Best Score? Go Orange.
Females with most Facebook followers Stats
Can you name the Females with most Facebook followers?
By
msha178
5m
27 Questions
58 Plays
58 Plays
58 Plays
Comments
Comments
Give Quiz Kudos
Give Quiz Kudos
-
- Ratings
hide this ad
Replay
Link that replays current quiz
Next Quiz
Link to next quiz in quiz playlist
You Got
0%
They Got
Avg Score
36%
Avg Friend Score
Upgrade to see
Score Distribution
Jump to the score distribution portion of the page
Score
0/27
Timer
05:00
0
Plays Today
Number of followers
% Correct
43,132,528
Lady Gaga
89.7%
27,801,688
Beyonce
79.3%
34,605,133
Katy Perry
63.8%
13,999,799
Britney Spears
60.3%
25,368,939
Taylor Swift
60.3%
44,538,010
Rihanna
56.9%
6,139,107
Michelle Obama
55.2%
6,273,615
Kim Kardashian
53.4%
23,843,455
Selena Gomez
46.6%
4,809,929
Khloe Kardashian
46.6%
4,083,583
Kourtney Kardashian
46.6%
4,584,689
Christina Aguilera
43.1%
6,294,786
Jennifer Lopez
41.4%
39,911,589
Shakira
36.2%
Number of followers
% Correct
9,755,000
Demi Lovato
31%
28,240,516
Megan Fox
29.3%
5,266,362
Adele
29.3%
13,759,571
Nicki Minaj
25.9%
10,289,450
Pink
22.4%
14,469,254
Alicia Keys
17.2%
5,463,621
Maria Sharapova
13.8%
3,533,672
Amy Winehouse
8.6%
3,949,013
Mary J Blige
6.9%
25,927,009
Avril Lavigne
5.2%
3,404,941
Miranda Cosgrove
3.4%
2,945,184
Emma Waston
3.4%
2,697,955
Miranda Lambert
0%
Quiz Playlist
Details
Report
Send in Message
Add To Playlist
Classic:
Type in answers that appear in a list
Last Updated: Feb 16, 2017
Quiz Scoreboard
CHALLENGE
Sign Up to Join the Scoreboard
Show All
Scores
Hide
Comments
May contain spoilers
Recently Published
Presidents Visiting Landmarks
by Hejman
History
7m
An Introduction to Baseball
by treessimontrees
Sports
5m
Movies - When Are They Set?
by FPL_Elf
Movies
5m
More to Explore
Quiz From the Vault
Featured Blog Post
Where Did the Easter Bunny Come From?
hide this ad
You Might Also Like...
Tags
facebook
female
Follower
Today's Top Quizzes in Entertainment
Browse Entertainment
hide this ad
Today's Top Quizzes in facebook
Browse facebook
Top Contributed Quizzes in Entertainment
1
7-to-1: DC Comics Villains
2
Marvel Characters Bunker
3
Eurovision 2023 Logic Puzzle
4
Kamen Rider Motifs
5
Dragon Ball Z: Goku's Fights in Order
6
Criteria Quickie: Cartoon Taxonomy II
7
Fictional Villains Letter U Blitz
8
Dragon Ball Z: Mega Character Search
9
Sorting Pictures: Villains
10
Mini Trivia Sudoku: Musicals
Explore More
Trending Topics
Kpop
Crossword
Disney
Anime
Marvel
NBA
Harry Potter
Soccer
Song
WWE
Puzzle
Pokémon
NFL
The Office
Country
hide this ad
More By:
msha178
Quiz
Plays
Rating
Category
Featured
Created
Females with most Facebook followers
58
5.00
Entertainment
Sep 2, 2011
Go to Creator's Profile
Score Distribution
Quiz Creator Spotlight
msha178
Follow
Send a Message
Quizzes Created
-
Created Quiz Play Count
-
More By This Creator
Popular Quizzes Today
1
Find the US States - No Outlines Minefield
2
Find the Countries of Europe - No Outlines Minefield
3
The Countries of the World
4
Find the US States
5
Popular People in 1961
6
US States
7
Risky Map Clicking: Biggest States A-Z
8
Movies - When Are They Set?
More Entertainment Quizzes
Bill, Billy, or William?
Editor's Pick
Trending Quizzes
Risky Map Clicking: Least Populous States A-Z
1-10 Letter G Words
1-10 Letter F Words
Risky Map Clicking: Next State Alphabetically
Risky Map Clicking: Biggest States A-Z
Recently Updated
Leaping Animals
pecheneg
Reality TV Shows (A-Z)
bhenderson79
Rickey Henderson's Hall of Fame Teammates
pecheneg
Champions League XIs: Arsenal
pecheneg
Quick Pick: Celebrities in WWE's Hall of Fame
aduchscher
A-Z Keypad Blitz II
pecheneg
Multiple Oscar Actors
pecheneg
Mystery Phrase Blitz: Oscar 'Best Actors'
pecheneg
F. Scott Fitzgerald Novels
LTH
Pick 3 Villains
ddd62291
Trending Topics
Marvel
Harry Potter
Anime
Kpop
Disney
NBA
Crossword
NFL
WWE
Soccer
Country
Puzzle
Song
The Office
Pokémon
Your Account Isn't Verified!
In order to create a playlist on Sporcle, you need to verify the email address you used during registration. Go to your
Sporcle Settings
to finish the process.
Report this User
Report this user for behavior that violates our
Community Guidelines
.
Details:
Send Report
Go to the Sporcle.com Mobile Site →
Comments